| 000 | 00822pam a2200253 a 4500 | ||
|---|---|---|---|
| 999 |
_c328862 _d328862 |
||
| 001 | 4328394 | ||
| 003 | Nust | ||
| 005 | 20170418120142.0 | ||
| 008 | 880815s1989 nyua b 001 0 eng | ||
| 010 | _a 88013593 | ||
| 020 |
_a0070692912 : _c$46.95 |
||
| 040 |
_aDLC _cDLC _dDLC |
||
| 043 | _an-us--- | ||
| 050 | 0 | 0 |
_aTD1030 _b.W46 1989 |
| 082 | 0 | 0 |
_a363.728 WEN _219 |
| 100 | 1 | _aWentz, Charles A. | |
| 245 | 1 | 0 |
_aHazardous waste management / _cCharles A. Wentz. |
| 260 |
_aNew York : _bMcGraw-Hill, _cc1989. |
||
| 300 |
_axiii, 461 p. : _bill. ; _c24 cm. |
||
| 500 | _aH.B | ||
| 504 | _aIncludes bibliographies and index. | ||
| 650 | 0 |
_aHazardous wastes _xManagement. |
|
| 650 | 0 |
_aHazardous wastes _xLaw and legislation _zUnited States. |
|
| 906 |
_a7 _bcbc _corignew _d1 _eocip _f19 _gy-gencatlg |
||
| 942 |
_2ddc _cBK _k363.728 WEN |
||